000 00790cam a2200229 a 4500
005 20131114104831.0
008 901213s1990 nyuab i000 0 eng d
020 _a9211004446
041 0 _aeng
080 _a341
245 0 4 _aThe Blue helmets :
250 _a2nd ed.
260 _aNew York :
_bUnited Nations Dept. of Public Information,
_c1990.
300 _axx, 449, [22] p. :
_bill., maps ;
_c23 cm.
500 _aForeword by secretary-general : f. XV -XVIII
500 _aForeword to the first edition : f. XIX-XX
500 _aUnited Nations publication sales no. E.90.I.18.
610 2 0 _aKombet e Bashkuara
_xForcat e armatosura
650 1 0 _aPaqja
710 2 _aUnited Nations.
_bDepartment of Public Information.
942 _2udc
_cBK
999 _c320
_d320